The Geneva Conventions of August 12 1949 (Record no. 639)

MARC details
000 -LEADER
fixed length control field 007940000a22002050004500
003 - CONTROL NUMBER IDENTIFIER
control field LK-CoMWRAF
008 - FIXED-LENGTH DATA ELEMENTS--GENERAL INFORMATION
fixed length control field 230817t1950 ||||| |||| 00| 0 eng d
040 ## - CATALOGING SOURCE
Original cataloging agency LK-CoMWRAF
Modifying agency LK-CoMWRAF
Description conventions LK-CoMWRAF
041 ## - LANGUAGE CODE
Language code of text/sound track or separate title English
082 ## - DEWEY DECIMAL CLASSIFICATION NUMBER
Classification number 341.3
Item number DIP
942 ## - ADDED ENTRY ELEMENTS (KOHA)
Koha item type Conference Proceeding
111 ## - MAIN ENTRY--MEETING NAME
Meeting name or jurisdiction name as entry element DIPLOMATIC CONFERENCE FOR THE ESTABLISHMENT OF INTERNATIONAL CONVENTIONS FOR THE PROTECTION OF VICTIMS OF WAR
Location of meeting (Geneva, Switzerland
Date of meeting 1949)
245 ## - TITLE STATEMENT
Title The Geneva Conventions of August 12 1949
260 ## - PUBLICATION, DISTRIBUTION, ETC. (IMPRINT)
Place of publication, distribution, etc. Geneva:
Name of publisher, distributor, etc. International Committee of the Red Cross,
Date of publication, distribution, etc. [1950]
300 ## - PHYSICAL DESCRIPTION
Extent 245 p.
856 ## - ELECTRONIC LOCATION AND ACCESS
Uniform Resource Identifier <a href="https://www.icrc.org/en/doc/assets/files/publications/icrc-002-0173.pdf">https://www.icrc.org/en/doc/assets/files/publications/icrc-002-0173.pdf</a>
650 ## - SUBJECT ADDED ENTRY--TOPICAL TERM
Topical term or geographic name as entry element PRISONERS OF WAR-Legal status, laws
650 ## - SUBJECT ADDED ENTRY--TOPICAL TERM
Topical term or geographic name as entry element War victims -- Legal status, laws,
650 ## - SUBJECT ADDED ENTRY--TOPICAL TERM
Topical term or geographic name as entry element War -- Protection of civilians
Holdings
Withdrawn status Lost status Damaged status Not for loan Permanent Location Current Location Date acquired Full call number Barcode Koha item type
        Resource center, Muslim Women's Research And Action Forum Resource center, Muslim Women's Research And Action Forum 2023-08-17 341.3 DIP RAF696 Books

Copyright © 2023 Muslim Women's Research and Action Forum (MWRAF), No 27/3, Anderson Road, Kalubowila, Dehiwela. Funded by The Asia Fundation